000 03333nab a2200313 i 4500
003 BR-BrBNA
005 20250128151902.0
008 250128b2017 bl.mr|pooa||| 00| 0 eng |
040 _aBR-BrBNA
_beng
072 _aL73
072 _aL10
072 _aL70
100 _aWolf, Marcela
100 _aMuehlbauer, Eloísa
100 _aSousa, Marlos Gonçalves
245 _aMicroRNAs in veterinary cardiology
500 _aPublicação on-line; 30 ref.; Sumaries (En, Pt)
520 _a ABSTRACT - The use of biomarkers is an important recent development in veterinary medicine. Biomarkers allow non-invasive quantification of substances with diagnostic and prognostic potential in several diseases. The microRNAs are small, non-coding RNAs that regulate gene expression and are expressed in different forms in many diseases. Reduced or over-expression of microRNAs showed to be part of the pathogenesis of some heart diseases in humans and animals. Diagnostic and therapeutic value of measuring microRNAs in veterinary cardiology is increased because abnormal expression can be managed by the use of antagonists (in the case of overexpression) and mimicking (in the case of underexpression). Thus, this literature review aimed to compile scientific evidence of dysregulation of microRNAs expression in different cardiac diseases being one of the promises in the therapeutic field and diagnosis of veterinary cardiology. MicroRNAs not only have potential as a biomarker but may also help in elucidation of aspects of the pathogenesis of a variety of diseases. Key words: molecular biology, genetic, biomarker, heart failure.
520 _a RESUMO - Os biomarcadores vêm crescendo na medicina veterinária, pois permitem, de forma não invasiva, a quantificação de substâncias com potencial para avaliação prognóstica e diagnóstica em diversas doenças. Os microRNAs são pequenos RNAs não codificantes que regulam a expressão de genes e são expressos de diferentes formas em diversas doenças. A sua super ou subexpressão já foi evidenciada como parte da patogênese de cardiopatias em seres humanos e animais. O controle dessa anormalidade de expressão pode ser obtido pela utilização de antagonistas (em casos de superexpressão) e mimetizadores (em casos de subexpressão). Dessa forma, esta revisão de literatura tem como objetivo compilar as evidências científicas da desregulação da expressão de microRNAs nas diferentes doenças cardíacas, sendo essa uma das promessas no campo terapêutico e diagnóstico da cardiologia veterinária, permitindo não só a sua utilização como biomarcador, mas também com aspecto elucidativo da patogênese de diversas doenças. Palavras-chave: biologia molecular, genética, biomarcador, insuficiência cardíaca.
650 _aDOENÇA ANIMAL
650 _aCARDIOPATIA
650 _aVETERINÁRIA
650 _aBIOLOGIA MOLECULAR
650 _aGENÉTICA
773 0 _02408
_9346533
_dSanta Maria-RS Universidade Federal de Santa Maria - Centro de Ciências Rurais 1991
_o2024-7204
_tCiência Rural (Brazil)
_x0103-8478 Versão online ISSN 1678-4596
_gv. 47(7) p. 1-7 ; (2017)
_wBR2024004260
856 _uhttps://www.scielo.br/j/cr/a/KJqsM9wKK4R7qLc5j9jVTwN/?format=pdf&lang=en
942 _cANA
999 _c329710
_d329710